[Event "Capablanca Memorial op 57th"]
[Site "Havana"]
[Date "2024.05.12"]
[Round "10"]
[White "Alvarez Ruiz, Henry"]
[Black "Bobadilla Viera, Jorge Samuel"]
[Result "0-1"]
[WhiteElo "2116"]
[BlackElo "2386"]
[PlyCount "112"]
[EventDate "2024.05.03"]
[EventType "swiss"]
[EventRounds "10"]
[EventCountry "CUB"]
[SourceTitle "EXT 2025"]
[Source "ChessBase"]
[SourceDate "2024.10.14"]
[SourceVersion "1"]
[SourceVersionDate "2024.10.14"]
[SourceQuality "1"]

1. e4 c5 2. Nf3 Nc6 3. d4 cxd4 4. Nxd4 Qb6 5. Nb3 Nf6 6. Nc3 e6 7. Be3 Qc7 8. Qd2 Bb4 9. f3 d5 10. a3 Bxc3 11. Qxc3 dxe4 12. fxe4 0-0 13. Bd3 Ng4 14. Bc5 Rd8 15. 0-0-0 b6 16. h3 Nge5 17. Bd4 Bb7 18. Bb5 Qe7 19. Be3 Qh4 20. Nd2 Rac8 21. g3 Qe7 22. Bxc6 Nxc6 23. Qb3 Na5 24. Qb5 Qc7 25. c3 Qxg3 26. Rde1 Bc6 27. Qb4 Qd6 28. Rhg1 e5 29. Bg5 f6 30. Bh6 Rc7 31. Rg3 Be8 32. Reg1 Bg6 33. h4 gxh6 34. Qxd6 Rxd6 35. h5 Rg7 36. Nf3 Rd3 37. hxg6 Rxg6 38. Rxg6+ hxg6 39. Rxg6+ Kf7 40. Nh4 Rh3 41. Rxh6 Nb3+ 42. Kc2 Nc5 43. Nf5 Rxh6 44. Nxh6+ Ke6 45. b4 Nxe4 46. c4 f5 47. a4 Nd6 48. Kd3 Nf7 49. Ng8 f4 50. Kc3 e4 51. Kd4 e3 52. Kc3 Ne5 53. c5 bxc5 54. bxc5 f3 55. c6 e2 56. Kd2 Nd3 0-1

[Event "Capablanca Memorial op 57th"]
[Site "Havana"]
[Date "2024.05.10"]
[Round "8"]
[White "Fernandez Mayola, Reynold Rafael"]
[Black "Bobadilla Viera, Jorge Samuel"]
[Result "1-0"]
[WhiteElo "2246"]
[BlackElo "2386"]
[PlyCount "103"]
[EventDate "2024.05.03"]
[EventType "swiss"]
[EventRounds "10"]
[EventCountry "CUB"]
[SourceTitle "EXT 2025"]
[Source "ChessBase"]
[SourceDate "2024.10.14"]
[SourceVersion "1"]
[SourceVersionDate "2024.10.14"]
[SourceQuality "1"]

1. d4 Nf6 2. c4 g6 3. Nc3 Bg7 4. e4 d6 5. f4 0-0 6. Nf3 c5 7. d5 b5 8. cxb5 a6 9. bxa6 Qa5 10. Bd2 Bxa6 11. Bxa6 Qxa6 12. Qe2 Qb7 13. b3 e6 14. e5 Nxd5 15. 0-0 Nxc3 16. Bxc3 Nc6 17. Rfc1 dxe5 18. Bxe5 Nxe5 19. fxe5 Bh6 20. Rc2 Rfd8 21. Re1 Qb4 22. Qe4 Rd5 23. Qh4 Bg7 24. Qxb4 cxb4 25. Re4 Bf8 26. Kf1 Rda5 27. Ree2 Bh6 28. Nd4 Rd5 29. Nc6 Bf8 30. Re4 Rd1+ 31. Ke2 Ra1 32. Nxb4 Bxb4 33. Rxb4 R8xa2 34. Rb8+ Kg7 35. Rxa2 Rxa2+ 36. Kf3 Ra5 37. Kf4 Ra1 38. Rc8 Rf1+ 39. Ke3 Re1+ 40. Kd4 Rb1 41. Rc3 Rb2 42. Rg3 Rb1 43. Kc5 Rd1 44. b4 Rd5+ 45. Kc6 Kf8 46. b5 Ke7 47. b6 Rd2 48. Ra3 Kd8 49. b7 Rb2 50. Rd3+ Ke8 51. Rd6 h5 52. Kc7 1-0

[Event "Capablanca Memorial op 57th"]
[Site "Havana"]
[Date "2024.05.05"]
[Round "3"]
[White "Bobadilla Viera, Jorge Samuel"]
[Black "Fuentes De Feria, Hector Luis"]
[Result "1-0"]
[WhiteElo "2386"]
[BlackElo "2156"]
[PlyCount "91"]
[EventDate "2024.05.03"]
[EventType "swiss"]
[EventRounds "10"]
[EventCountry "CUB"]
[SourceTitle "EXT 2025"]
[Source "ChessBase"]
[SourceDate "2024.10.14"]
[SourceVersion "1"]
[SourceVersionDate "2024.10.14"]
[SourceQuality "1"]

1. d4 d5 2. Nf3 Nf6 3. c4 e6 4. Nc3 Be7 5. Bg5 h6 6. Bh4 0-0 7. e3 Ne4 8. Bxe7 Qxe7 9. Qc2 Nxc3 10. Qxc3 c6 11. Bd3 dxc4 12. Bxc4 b5 13. Be2 Bb7 14. 0-0 Nd7 15. b4 a5 16. a3 axb4 17. axb4 Nb6 18. Ne5 Nd5 19. Qc5 Qxc5 20. bxc5 Rfd8 21. Bf3 Nb4 22. Rab1 f6 23. Nc4 Nd5 24. Nd6 Rdb8 25. e4 Ne7 26. Bg4 f5 27. exf5 Nxf5 28. Bxf5 exf5 29. Nxf5 Kf8 30. Rfe1 Bc8 31. Nd6 Bd7 32. h3 Ra2 33. Rb3 b4 34. Reb1 Ra4 35. Nc4 Be6 36. Rf3+ Kg8 37. Nb6 Ra2 38. Rxb4 Rd8 39. Re3 Bf7 40. Re7 Rd2 41. Nd7 Ra8 42. Ne5 Bd5 43. Rbb7 Ra1+ 44. Kh2 Rxf2 45. Rxg7+ Kf8 46. Ng6+ 1-0

[Event "Titled Tuesday intern op 09th Apr Late"]
[Site "Chess.com INT"]
[Date "2024.04.09"]
[Round "11"]
[White "Kosteniuk, Alexandra"]
[Black "Bobadilla Viera, Jorge Samuel"]
[Result "1-0"]
[WhiteElo "2501"]
[BlackElo "2386"]
[PlyCount "67"]
[EventDate "2024.04.09"]
[EventType "swiss (blitz)"]
[EventRounds "11"]
[EventCountry "USA"]
[SourceTitle "EXT 2025"]
[Source "ChessBase"]
[SourceDate "2024.10.14"]
[SourceVersion "1"]
[SourceVersionDate "2024.10.14"]
[SourceQuality "1"]

1. e4 d6 2. d4 g6 3. Nc3 Bg7 4. h4 Nf6 5. Be2 h5 6. Be3 c6 7. f3 b5 8. Qd2 a5 9. a4 b4 10. Nd1 Nfd7 11. c3 Na6 12. Nf2 c5 13. Ngh3 bxc3 14. bxc3 cxd4 15. cxd4 Nb4 16. 0-0 0-0 17. Ng5 Ba6 18. Rfc1 Bxe2 19. Qxe2 Rc8 20. f4 Nb6 21. f5 Rxc1+ 22. Rxc1 Qd7 23. fxg6 fxg6 24. d5 Nxa4 25. Ne6 Rf7 26. Nxg7 Kxg7 27. Bd4+ Kh7 28. Nh3 Kg8 29. Ng5 Rf8 30. Ne6 Rc8 31. Rf1 Nc5 32. Qf3 Qe8 33. Bxc5 dxc5 34. Qc3 1-0

[Event "Titled Tuesday intern op 09th Apr Late"]
[Site "Chess.com INT"]
[Date "2024.04.09"]
[Round "3"]
[White "Radhakrishnan, Sharath"]
[Black "Bobadilla Viera, Jorge Samuel"]
[Result "1/2-1/2"]
[WhiteElo "1963"]
[BlackElo "2386"]
[PlyCount "91"]
[EventDate "2024.04.09"]
[EventType "swiss (blitz)"]
[EventRounds "11"]
[EventCountry "USA"]
[SourceTitle "EXT 2025"]
[Source "ChessBase"]
[SourceDate "2024.10.14"]
[SourceVersion "1"]
[SourceVersionDate "2024.10.14"]
[SourceQuality "1"]

1. e4 e6 2. d4 d6 3. Nf3 g6 4. c4 Bg7 5. Nc3 b6 6. Bd3 Bb7 7. 0-0 Nc6 8. Be3 Nge7 9. Re1 h6 10. Rc1 g5 11. d5 Ne5 12. Nxe5 Bxe5 13. Be2 exd5 14. cxd5 a6 15. Bd4 Ng6 16. Bh5 Nf4 17. Bxe5 dxe5 18. g3 Nxh5 19. Qxh5 Qd7 20. Nd1 0-0-0 21. Ne3 Kb8 22. Qg4 Bc8 23. Qxd7 Bxd7 24. Rc2 f6 25. Rec1 Rc8 26. b3 Kb7 27. Nc4 h5 28. d6 c6 29. a4 Be6 30. a5 Bxc4 31. bxc4 c5 32. Rb2 Rc6 33. Rcb1 Rxd6 34. Rxb6+ Rxb6 35. Rxb6+ Ka7 36. Rxf6 Rd8 37. Rc6 Rd4 38. Rxc5 Rxe4 39. Kg2 h4 40. h3 hxg3 41. Kxg3 Kb7 42. f3 Re1 43. Rd5 Kc6 44. Rd8 Ra1 45. Rg8 Rxa5 46. Rxg5 1/2-1/2

[Event "Osasco Tasoko Memorial"]
[Site "Osasco"]
[Date "2024.03.20"]
[Round "3"]
[White "Duarte Napoles, Fanny"]
[Black "Bobadilla Viera, Jorge Samuel"]
[Result "0-1"]
[WhiteElo "2203"]
[BlackElo "2397"]
[PlyCount "86"]
[EventDate "2024.03.18"]
[EventType "tourn"]
[EventRounds "9"]
[EventCountry "BRA"]
[EventCategory "6"]
[SourceTitle "CBM 219 Extra"]
[Source "ChessBase"]
[SourceDate "2024.05.31"]
[SourceVersion "1"]
[SourceVersionDate "2024.05.31"]
[SourceQuality "1"]

1. c4 e6 2. Nc3 d5 3. d4 Nf6 4. cxd5 exd5 5. Bg5 c6 6. e3 Be7 7. Bd3 Nbd7 8. Nge2 0-0 9. 0-0 h6 10. Bf4 Nh5 11. Be5 Re8 12. h3 Nxe5 13. dxe5 Bc5 14. Nf4 Nxf4 15. exf4 Qh4 16. Qf3 g5 17. fxg5 Qxg5 18. Rfe1 Bd7 19. Kf1 Rxe5 20. Rxe5 Qxe5 21. Re1 Qh2 22. Ne2 Re8 23. Ng3 Rxe1+ 24. Kxe1 Qg1+ 25. Nf1 Kf8 26. a3 Ke7 27. g4 h5 28. gxh5 Qg7 29. b4 Qc3+ 30. Ke2 Bd4 31. Ne3 Qxa3 32. Nc2 Qb2 33. h6 Bf6 34. h7 b6 35. Kd1 Be6 36. Qg3 Qe5 37. f4 Qh5+ 38. Kd2 Qxh3 39. Qg8 Qh2+ 40. Kd1 Bc3 41. Qg5+ f6 42. Qg7+ Bf7 43. Be2 Qh1+ 0-1

[Event "Titled Tuesday intern op 20th Feb Late"]
[Site "Chess.com INT"]
[Date "2024.02.20"]
[Round "5"]
[White "Bobadilla Viera, Jorge Samuel"]
[Black "George Samir, David"]
[Result "1-0"]
[WhiteElo "2397"]
[BlackElo "2090"]
[PlyCount "111"]
[EventDate "2024.02.20"]
[EventType "swiss (blitz)"]
[EventRounds "11"]
[EventCountry "USA"]
[SourceTitle "EXT 2025"]
[Source "ChessBase"]
[SourceDate "2024.10.14"]
[SourceVersion "1"]
[SourceVersionDate "2024.10.14"]
[SourceQuality "1"]

1. d4 Nf6 2. Nf3 e6 3. Bg5 c5 4. e3 d5 5. Nbd2 Nc6 6. c3 Be7 7. Bd3 0-0 8. 0-0 h6 9. Bh4 Qc7 10. Bg3 Bd6 11. dxc5 Bxg3 12. hxg3 a5 13. a4 Nd7 14. Nb3 e5 15. Bb5 Ne7 16. Bxd7 Bxd7 17. Qc2 Bf5 18. Qd1 Be6 19. Re1 f5 20. Nfd2 Rac8 21. Qe2 Nc6 22. Qb5 Bd7 23. Qb6 Qxb6 24. cxb6 Ra8 25. Nc5 Bc8 26. Nf3 Rf6 27. Red1 Rd6 28. Rab1 Kf7 29. b4 Kf6 30. Nd2 Ke7 31. Nd3 axb4 32. cxb4 Rxa4 33. b5 Ra3 34. bxc6 Rxd3 35. c7 Rc6 36. Kf1 Ke6 37. Ke2 Ra3 38. Rdc1 Rxc1 39. Rxc1 Ra6 40. Rb1 Kd6 41. Rb2 Kc6 42. Nf3 Kd6 43. Kd2 g5 44. Kc3 g4 45. Nh4 Ra3+ 46. Kd2 Ra6 47. Ng6 Ke6 48. Ke2 Kf6 49. Nh4 Kg5 50. Kd2 Kf6 51. Kc3 Ra3+ 52. Kb4 Ra6 53. Kb5 Bd7+ 54. Kc5 Bc8 55. Kd6 Ra5 56. Rb4 1-0

[Event "Titled Tuesday intern op 20th Feb Late"]
[Site "Chess.com INT"]
[Date "2024.02.20"]
[Round "1"]
[White "Bobadilla Viera, Jorge Samuel"]
[Black "Souza, Adwilhans Luciano"]
[Result "1-0"]
[WhiteElo "2397"]
[BlackElo "2329"]
[PlyCount "29"]
[EventDate "2024.02.20"]
[EventType "swiss (blitz)"]
[EventRounds "11"]
[EventCountry "USA"]
[SourceTitle "EXT 2025"]
[Source "ChessBase"]
[SourceDate "2024.10.14"]
[SourceVersion "1"]
[SourceVersionDate "2024.10.14"]
[SourceQuality "1"]

1. d4 Nf6 2. Nf3 g6 3. Bg5 Bg7 4. Nbd2 d5 5. e3 b6 6. Bd3 Bb7 7. 0-0 0-0 8. Ne5 Nbd7 9. f4 Nxe5 10. fxe5 Ne4 11. Nxe4 dxe4 12. Bc4 Qe8 13. Qg4 Kh8 14. Qh4 c5 15. Bxe7 1-0